| 000 | 00399nam a22001457a 4500 | ||
|---|---|---|---|
| 003 | OSt | ||
| 005 | 20260223195501.0 | ||
| 008 | 260223b |||||||| |||| 00| 0 eng d | ||
| 020 | _a978-81-224-3029-5 | ||
| 040 | _cmarc | ||
| 082 | _a547 | ||
| 245 |
_aStereochemistry of Organic Compounds: Applications _cby D. Nasipuri |
||
| 260 |
_aNew Delhi _bNew Age International publishers _c2014 |
||
| 942 |
_2ddc _cBK |
||
| 999 |
_c4088 _d4088 |
||